| 000 | 00523pam a2200169 a 4500 | ||
|---|---|---|---|
| 001 | 3433910 | ||
| 005 | 20250604124716.0 | ||
| 008 | 910924s1992 mnu b 001 0 eng | ||
| 020 |
_a0800625137 (alk. paper) : _c29.95 |
||
| 050 | 0 | 0 |
_aBT202 _b.E26 1991 |
| 082 | 0 | 0 |
_a232 _220 |
| 100 | 1 |
_aEckardt, A. Roy _q(Arthur Roy), _d1918- |
|
| 245 | 1 | 0 |
_aReclaiming the Jesus of history : _bChristology today / _cA. Roy Eckardt. |
| 260 |
_aMinneapolis : _bFortress Press, _cc1992. |
||
| 300 |
_axii, 297 p. ; _c24 cm. |
||
| 942 |
_2lcc _cBK _n0 |
||
| 999 |
_c6259 _d6259 |
||